000 00943cad a22002175 4500
008 000000s2004 xxk f 001 0 eng u
020 _a0415231906
_a9780203645239
035 _a(Sirsi) u105605
041 _aeng
050 _a690.0285
_c18
100 _aSun, Ming
245 _aUnderstanding IT in construction
260 _aLondon
_bSpon
_c2004
300 _axvii, 187p.
_c24cm
350 _a17.99
520 _aProvides an overview of a broad range of IT applications currently available for all stages throughout the life cycle of a building project from essential office and information management through to Computer-Aided Design (CAD), cost estimating, project planning and scheduling, facilities management and building maintenance. Includes case studies and is suitable for both construction professionals and students.
651 4 _aUnited Kingdom
_y
690 _aBUILT ENVIRONMENT
700 1 _aHoward, Rob
942 _n0
999 _c100441
_d100441